000 00444nam a2200169 4500
008 170310s2016||||xo d
100 1 _aEštok Adrián
_9235
700 1 _aChomová Svetlana, Strelková Jarmila
_9236
245 1 0 _aGiraltovce 1416-2016
250 _a1. vydanie
260 _bTlaciaren Svidnická
_aSvidník
_c2016
300 _a141 s.
020 _a978-80-89755-31-8
_c0
041 1 _aslo
044 _axo
_cSK
958 _aAPR
999 _c21366
_d21366